000 00985nam a2200241Ia 4500
001 15926
003 GE_BSU
008 181216s||||||||xx |||||||||||||| ||und||
040 _cGE_BSU
080 _a821.353.1-4
100 _aხერგიანი, მირონ
245 _aკარგ ყმად ვთქვათ
245 _bმხატვრული ნარკვევები
245 _cრედ.ზ.კილაძე. მხატვ.რ.მაჭარაშვილი
260 _aთბილისი
260 _bსაბჭ. საქართველო
260 _c1980
300 _a349გვ. ; 20სმ.
653 _aგზანი მშვდობისანი: თიანური დიალოგები; კარგ ყმად ვინა ვთქვათ?
653 _aკარგ ყმად ვთქვათ
653 _aმხატვრული ნარკვევები
942 _cBK
999 _c49021
_d49021